000 01020 a2200253 4500
001 123277
020 _a9781907184772
040 _cEscola Canadense de Niteroi
090 _aK1 - MAS
100 _aMason, Antony
245 1 0 _aKings and queens of great britain a very peculiar story
250 _a1st. ed.
260 _aBrighton
300 _a177 p.
_c9 x 0.8 x 6.1 inches (hardcover)
362 0 _a2014
490 0 _aVery peculiar history
520 _aWhich kings guards massacred his supporters by mistake? Who had an oversized tongue and slobbered when he ate? Who survived seven assassination attempts? It wasnt all thrones and scepters for British monarchs. Some were batty, others vicious, and some became much-loved icons. Meet these rulers, discover their bizarre habits, and enjoy quirky stories, fascinating facts, and fun lists.
650 4 _aRoyalty
650 4 _aEuropean History
650 4 _aJuvenile Literature
650 4 _aNon-Fiction
650 4 _aKings and Queens
942 _cBK
999 _c123277
_d123277